Actors who worked with Tony Scott - Statistics

General Stats
  • This quiz has been taken 38 times
  • The average score is 29 of 90
Answer Stats
Films Answer % Correct
Top Gun, Days of Thunder Tom Cruise
100%
Top Gun, True Romance, Déjà Vu Val Kilmer
100%
Beverly Hills Cop II Eddie Murphy
96%
Man on Fire, Déjà Vu, Unstoppable, Crimson Tide, The Taking of Pelham 1 2 3 Denzel Washington
79%
Enemy of the State, Crimson Tide Gene Hackman
75%
Enemy of the State Will Smith
75%
True Romance Brad Pitt
67%
Spy Game Brad Pitt
67%
Unstoppable Chris Pine
67%
True Romance, Man on Fire, Domino Christopher Walken
67%
Man on Fire Dakota Fanning
67%
True Romance Patricia Arquette
67%
True Romance Christian Slater
63%
The Taking of Pelham 1 2 3 John Travolta
63%
Domino Keira Knightley
63%
Days of Thunder Nicole Kidman
63%
The Last Boy Scout Bruce Willis
58%
Déjà Vu Elle Fanning
58%
The Fan Robert De Niro
58%
Spy Game Robert Redford
58%
True Romance, Crimson Tide, The Taking of Pelham 1 2 3 James Gandolfini
54%
True Romance Samuel L. Jackson
54%
The Last Boy Scout Damon Wayans
50%
True Romance Dennis Hopper
50%
True Romance Gary Oldman
50%
Beverly Hills Cop II Judge Reinhold
50%
Top Gun Meg Ryan
50%
Top Gun Kelly McGillis
46%
Top Gun Anthony Edwards
42%
The Fan Wesley Snipes
42%
Enemy of the State Jon Voight
38%
Man on Fire, Domino Mickey Rourke
38%
Days of Thunder Robert Duvall
33%
True Romance Bronson Pinchot
29%
True Romance Chris Penn
29%
Enemy of the State Jack Black
29%
Unstoppable Rosario Dawson
29%
The Hunger David Bowie
25%
Déjà Vu Paula Patton
25%
Top Gun Tim Robbins
25%
True Romance Tom Sizemore
25%
Top Gun Tom Skerritt
25%
The Last Boy Scout Halle Berry
21%
Revenge Kevin Costner
21%
Enemy of the State Lisa Bonet
21%
Domino Lucy Liu
21%
Man on Fire Marc Anthony
21%
True Romance Michael Rapaport
21%
Beverly Hills Cop II Paul Reiser
21%
Enemy of the State Regina King
21%
Crimson Tide Viggo Mortensen
21%
Domino Edgar Ramirez
17%
Enemy of the State Gabriel Byrne
17%
Crimson Tide George Dzundza
17%
Déjà Vu Jim Caviezel
17%
Crimson Tide Matt Craven
17%
Man on Fire Radha Mitchell
17%
Crimson Tide Steve Zahn
17%
The Hunger Susan Sarandon
17%
Revenge Anthony Quinn
13%
The Fan Benicio del Toro
13%
Déjà Vu Bruce Greenwood
13%
The Hunger Catherine Deneuve
13%
Beverly Hills Cop II Chris Rock
13%
Beverly Hills Cop II John Ashton
13%
The Fan, Revenge John Leguizamo
13%
The Taking of Pelham 1 2 3 John Turturro
13%
Déjà Vu, Unstoppable Lew Temple
13%
The Taking of Pelham 1 2 3 Luis Guzmán
13%
Revenge Madeleine Stowe
13%
Top Gun Rick Rossovich
13%
The Taking of Pelham 1 2 3 Aunjanue Ellis
8%
Days of Thunder Cary Elwes
8%
Spy Game Catherine McCormack
8%
The Last Boy Scout Chelsea Field
8%
Déjà Vu Elden Henson
8%
The Fan Ellen Barkin
8%
Man on Fire Giancarlo Giannini
8%
Days of Thunder John C. Reilly
8%
Top Gun John Stockwell
8%
True Romance, Unstoppable Kevin Corrigan
8%
Unstoppable Kevin Dunn
8%
Top Gun Michael Ironside
8%
Revenge Miguel Ferrer
8%
Days of Thunder Randy Quaid
8%
Crimson Tide Ricky Schroder
8%
Unstoppable T. J. Miller
8%
Déjà Vu Adam Goldberg
4%
Top Gun Barry Tubb
4%
Spy Game Stephen Dilane
0%
No matching quizzes found
Score Distribution
Percent of People with Each Score
Percentile by Number Answered
Your Score History
You have not taken this quiz